Knights of the Round Table Quiz Stats

 Plays Quiz Updated Sep 25, 2019

Score 0/25 Timer 08:00
0 Plays Today
Knight % Correct
Sir Lancelot du Lac
92.5%
King Arthur
86.8%
Sir Galahad
59%
Sir Gawain
54.1%
Sir Percivale
29%
Sir Bors de Ganis
22.8%
Sir Tristram de Lyones
20.4%
Sir Mordred
20.4%
Sir Kay
19.2%
Sir Bedivere
16.1%
Sir Gareth
13%
Sir Ector de Maris
9.1%
Sir Lucan
5.2%
Knight % Correct
Sir Dagonet
5%
Sir Lamorak
4.7%
Sir Lionell
3.6%
Sir Pelleas
3.5%
Sir Safir
3%
Sir Palomedes
2.8%
La Cote Male Taile
2.6%
Sir Bleoberis
2.3%
Sir Alymere
2.1%
Sir Degore
2%
Sir Brunor le Noir
2%
Le Bel Desconneu
1.6%

You're not logged in!

Compare scores with friends on all Sporcle quizzes.
OR
Log In

Sporcle TV

Today on Sporcle TV


Watch our educational content, quiz creation guides, and fun videos on Sporcle TV.

Show Comments

Extras

Top Quizzes Today


Score Distribution

Your Account Isn't Verified!

In order to create a playlist on Sporcle, you need to verify the email address you used during registration. Go to your Sporcle Settings to finish the process.

Report this User

Report this user for behavior that violates our Community Guidelines.

Details: